000 00570cam a22002174a 4500
005 20250605164157.0
008 250528s ||||||||||||||||||||||||d
035 _a19646
020 _a9607081765
040 _aGR-AtMCL
_bgre
_dGR-AtMCL
_eAACR2
245 1 _aΨΥΧΙΑΤΡΙΚΗ ΤΟΜΟΣ Β
250 _a7
260 _bΙατρικες Εκδόσεις Λιτσας,
_c2000
300 _a1190
700 1 _aGrebb Jack A
_95851
700 1 _aKaplan Harold I
_95852
700 1 _aSadock Benjamin J
_95853
942 _cBK
999 _c4902
_d4902